000 00466nam a2200133Ia 4500
008 100328s9999 xx 000 0 und d
082 _b73146
100 _aदेशपांडे कृ.पं.
245 _aसेनापती तात्या टोपे.
260 _bगंधर्ववेद
630 _aसेनापती तात्या टोपे.
730 _aसेनापती तात्या टोपे.
942 _cBOOK
999 _c558867
_d558864